000 01131cam a2200277 i 4500
001 TB12029
003 IN-BhIIT
005 20251112170034.0
008 190426r20191958nyu 001 0 eng
020 _a9780486838601 (v. 2)
040 _aIN-BhIIT
041 _aeng
082 0 0 _a512.44
_bZAR/C
100 1 _aZariski, Oscar,
_eAuthor.
_925025
245 1 0 _aCommutative algebra /
_cby Oscar Zariski and Pierre Samuel.
260 _aNew York :
_bDover Publications,
_c2022.
300 _a2 v. , xii, 414 p. :
_c23 cm.
_bill. ;
490 0 _aDover books on mathematics
500 _aOriginally published: Princeton, N.J. : Van Nostrand Company, Inc., 1958-1960. Reprinted: New York : Springer-Verlag, 1975-1976.
504 _aIncludes bibliographical references and index.
505 0 _aIntroductory concepts -- Elements of field theory -- Ideals and modules -- Noetherian rings -- Valuation theory -- Polynomial and power series rings -- Local algebra.
650 0 _aCommutative algebra.
_924975
700 1 _aSamuel, Pierre,
_eJoint author.
_925026
700 1 _aCohen, Irvin Sol,
_eJoint author.
_925027
942 _cTB
_02
999 _c14556
_d14556